Der Mann mit der roten Weste : Anekdoten, Schwänke, Geschichten /

Main Author: Roda Roda, Alexander Friedrich Ladislaus, 1872-1945
Language: German
Published: Berlin : Aufbau-Verlag, 1970
Edition: 1. Aufl.
Physical Description: 132 s. ; 8°
Book
Saved in:
LEADER 00704nam a22002172a 4500
001 000230108
003 CZ BrMZK
005 20090527092836.0
007 ta
008 950101s1970 gw f |||||||||||ger d
040 |a ABA001  |b cze  |d BOA001 
080 |a 830(436)-821=3 
100 1 |a Roda Roda, Alexander Friedrich Ladislaus,  |d 1872-1945  |7 jn19992000991  |4 aut 
245 1 4 |a Der Mann mit der roten Weste :  |b Anekdoten, Schwänke, Geschichten /  |c Roda Roda 
250 |a 1. Aufl. 
260 |a Berlin :  |b Aufbau-Verlag,  |c 1970 
300 |a 132 s. ;  |c 8° 
910 |a BOA001  |b 1-0651.248 
990 |a BK 
991 |b 200905 
996 7 |b 2619894475  |c 1-0651.248  |l MZK  |r Sklad / do 1 hodiny  |n 4  |w 000230108  |u 000010  |a 1  |e BOA001  |j MZK50  |s A